Report of the Special Hajj Inquiry. (Record no. 1105)
[ view plain ]
| 000 -LEADER | |
|---|---|
| fixed length control field | 00583nam a2200241 a 4500 |
| 020 ## - INTERNATIONAL STANDARD BOOK NUMBER | |
| ISBN | |
| 082 00 - DEWEY DECIMAL CLASSIFICATION NUMBER | |
| Classification number | 297.55 |
| Author Cutter | RAH |
| 100 ## - MAIN ENTRY--AUTHOR NAME | |
| Author name | Rahim, J A |
| 245 ## - TITLE STATEMENT | |
| Title | Report of the Special Hajj Inquiry. |
| 260 ## - PUBLICATION, DISTRIBUTION, ETC. (IMPRINT) | |
| Place of publication | Agra |
| Name of publisher | Mufeed-E-Aam Press |
| Year of publication | 0000 |
| 300 ## - PHYSICAL DESCRIPTION | |
| Number of Pages | 157p |
| 500 ## - GENERAL NOTE | |
| General note | includes index and biblioraphy |
| 505 2# - FORMATTED CONTENTS NOTE | |
| Formatted contents note | index |
| 650 ## - SUBJECT ADDED ENTRY--TOPICAL TERM | |
| Topical Term | Muslim Pilgrims and Pilgrimage |
| 942 ## - ADDED ENTRY ELEMENTS (KOHA) | |
| Koha item type | Books |
| 700 1# - | |
| -- | Rahim, J A |
| Collection code | Home library | Current library | Date acquired | Cost, normal purchase price | Full call number | Accession Number | Koha item type |
|---|---|---|---|---|---|---|---|
| Henry Martyn Institute Library | Henry Martyn Institute Library | 05/24/2005 | 0.00 | 297.55 RAH | 00813 | Books |
